LDR 00875naa#a2200193#i#450# 001 RU\\bibl\119794 005 20260418051717.6 011 ## _a1819-4036 100 ## _a20210226b2021####ek#y0rusy0150####ca 102 ## _aRU 200 1# _aСЕРА В ПОЧВАХ МИНУСИНСКОЙ ЛЕСОСТЕПИ КРАСНОЯРСКОГО КРАЯ _eЖурнальная статья 210 1# _aКрасноярск _cКрасноярский государственный аграрный университет _d2021 215 ## _a8 с. 608 ## _aЖурнальная статья _2local 675 ## _aОбщие вопросы сельского хозяйства. 631 _z 700 #1 _aВолошин _gЕвгений Иванович 700 #1 _aСергеев _gАлександр Петрович 700 #1 _aЮферова _gЕкатерина Владимировна 856 4# _asej.kgau.ru _u